Dictionary Of the Old Testament (Record no. 16916)
[ view plain ]
| 000 -LEADER | |
|---|---|
| fixed length control field | 00355nam a22001217a 4500 |
| 008 - FIXED-LENGTH DATA ELEMENTS--GENERAL INFORMATION | |
| fixed length control field | 180706b xxu||||| |||| 00| 0 eng d |
| 020 ## - INTERNATIONAL STANDARD BOOK NUMBER | |
| International Standard Book Number | 0830817832 |
| 245 ## - TITLE STATEMENT | |
| Title | Dictionary Of the Old Testament |
| Remainder of title | Wisdom, Poetry and Writings |
| 260 ## - PUBLICATION, DISTRIBUTION, ETC. (IMPRINT) | |
| Place of publication, distribution, etc. | England |
| Name of publisher, distributor, etc. | Inter-vasity press |
| Date of publication, distribution, etc. | 2008 |
| 300 ## - PHYSICAL DESCRIPTION | |
| Extent | xxiv, 967p. |
| 650 ## - SUBJECT ADDED ENTRY--TOPICAL TERM | |
| Topical term or geographic name as entry element | Bible, old testament |
| 942 ## - ADDED ENTRY ELEMENTS (KOHA) | |
| Source of classification or shelving scheme | Library of Congress Classification |
| Koha item type | Reference |
| Withdrawn status | Lost status | Source of classification or shelving scheme | Not for loan | Home library | Current library | Date acquired | Cost, normal purchase price | Total Checkouts | Full call number | Barcode | Date last seen | Price effective from | Koha item type |
|---|---|---|---|---|---|---|---|---|---|---|---|---|---|
| Library of Congress Classification | Kabarak, Main Campus | Kabarak, Main Campus | 06/07/2018 | 6450.00 | BS440 .D53 2008 c.1 | 025457 | 06/07/2018 | 06/07/2018 | Reference | ||||
| Library of Congress Classification | Kabarak, Main Campus | Kabarak, Main Campus | 06/07/2018 | 6450.00 | BS440 .D53 2008 c.2 | 025692 | 06/07/2018 | 06/07/2018 | Reference |